000 01044nam a22003137a 4500
001 BR2014006265
003 BR-BrBNA
005 20230928104514.0
007 ta
008 230509b bl.||||| |||| 00| 0 por d
040 _aBR-BrBNA
_bpor
_cBiblioteca Nacional de Agricultura
041 _a(Por)
072 _aL10
_b5212
090 _ 5212 BR2014006265
100 1 _aSprícigo, J.F.W.
110 1 _aUniversidade de Brasília, DF (Brasil). Faculdade de Agronomia e Medicina Veterinária
_0Tese (Mestre em Ciência Animal)
245 1 _aVitrificação de ovócitos bovinos em diferentes estágios da meiose pelo método de cryotop: avaliação de danos morfológicos, funcionais e moleculares
260 3 _aBrasília, DF (Brasil):
_c2011.
300 _a70 p.
500 _aSummaries (Eng, Por); Several bibliography; 8 illus.
650 _aBOVINO
650 _aOVÁRIO
650 _aMEIOSE
650 _aMORFOLOGIA
650 _aANIMAL
650 _aMARCADOR MOLECULAR
909 _a202309
_bLucia
_c55
_dLucia Elande
942 _cBK
999 _c80295
_d80295